| 000 | 00596nam a2200205 a 4500 | ||
|---|---|---|---|
| 005 | 20250617063832.0 | ||
| 008 | 991125s1979 mx 000 0 spa u | ||
| 020 | _a9684270488 | ||
| 035 | _aUPN01000051153 | ||
| 049 | _aCG | ||
| 050 | 4 |
_aJL1292 _bR4.4 |
|
| 245 | 0 | 3 | _aLa reforma política y la izquierda. |
| 260 |
_aMéxico : _bNuestro Tiempo, _c1979. |
||
| 300 | _a141 p. | ||
| 440 | 0 | _aEncuestas y debates | |
| 650 | 4 |
_aDerecha e izquierda (Ciencias políticas) _912041 |
|
| 650 | 2 |
_aPartidos políticos _zMéxico _99992 |
|
| 651 | 4 |
_aMéxico _xPolítica y gobierno _94512 |
|
| 905 | _aLibro | ||
| 999 |
_c51153 _d51153 |
||